Spracovanie bankových úverov z pohľadu obchodnej banky diplomová práca

Na minha lista:
Detalhes bibliográficos
Autor principal: Marušincová, Tamara
Autor Corporativo: Fakulta hospodárskej informatiky EU. Katedra účtovníctva a audítorstva
Outros Autores: Ondrušová, Lucia, 1981-
Formato: Livro
Idioma:eslovaco
Publicado em: Bratislava 2024
Tags: Adicionar Tag
Sem tags, seja o primeiro a adicionar uma tag!

MARC

LEADER 00000nbm a2200000 4500
001 0302559
005 20250205083117.6
041 0 |a slo 
044 |a SK 
245 1 0 |a Spracovanie bankových úverov z pohľadu obchodnej banky  |b diplomová práca  |c Tamara Marušincová ; školiteľ: Lucia Ondrušová 
264 1 |a Bratislava  |c 2024 
300 |a 74 s. 
100 1 |a Marušincová, Tamara 
700 1 |a Ondrušová, Lucia, 1981- 
710 2 |a Fakulta hospodárskej informatiky EU. Katedra účtovníctva a audítorstva